| 000 | 01132nam a2200241 a 4500 | ||
|---|---|---|---|
| 001 | 021560800 | ||
| 008 | 210406s2018 ||||||||||||||||| || u | ||
| 050 | _aUNESCWA(08)PDR | ||
| 110 | _aUnited Nations Economic and Social Commission for Western Asia (UNESCWA) | ||
| 245 | 1 | 0 |
_aPopulation and development report :Issue no.8 : prospects of ageing with dignity in the Arab region _cBy United Nations Economic and Social Commission for Western Asia( UNESCWA) |
| 260 |
_aBeirut _bUNITED NATIONS _c2018 |
||
| 300 | _a156 pages : illustrations | ||
| 336 |
_atext _2rdacontent |
||
| 337 |
_aunmediated _2rdamedia |
||
| 338 |
_avolume _2rdacarrier |
||
| 490 | _aPopulation and development report | ||
| 490 | _vissue no. 8 | ||
| 500 | _a"E/ESCWA/SDD/2017/3". Includes bibliographical references (pages 149-156) | ||
| 650 | 0 | _aOLDER PEOPLE--GOVERNMENT POLICY--ARAB COUNTRIES | |
| 650 | 0 | _aOLDER PEOPLE--ARAB COUNTRIES--SOCIAL CONDITIONS | |
| 650 | 0 | _aOLDER PEOPLE--ARGENTINA--BUENOS AIRES | |
| 995 |
_FCBU-MAIN LIBRARY (Kitwe) _M1 _UAVAILABLE _WApr 6, 2021 _ZInternational Publications |
||
| 999 |
_c53998 _d53998 |
||